000 00629nam a2200169Ia 4500
008 090711s9999 xx 000 0 und d
082 _b78754
100 _aजाधव रा. ग.
245 _aसाहित्य व सामाजिक संदर्भ
260 _bकॉन्टीनेन्टल प्रकाशन
_c1996
300 _a231
600 _aजाधव रा. ग.
630 _aसाहित्य व सामाजिक संदर्भ
700 _aजाधव रा. ग.
730 _aसाहित्य व सामाजिक संदर्भ
942 _cBOOK
999 _c290701
_d290701